The long road from promises to reality. Issues in the roll-out of LBS for the consumer market (Record no. 70190)
[ view plain ]
| 000 -LEADER | |
|---|---|
| fixed length control field | 00939cam a2200193 4500 |
| 001 - CONTROL NUMBER | |
| control field | ABS65390 |
| 008 - FIXED-LENGTH DATA ELEMENTS--GENERAL INFORMATION | |
| fixed length control field | 020508n2002 000 0 eng u |
| 035 ## - SYSTEM CONTROL NUMBER | |
| System control number | (Sirsi) u117867 |
| 245 #4 - TITLE STATEMENT | |
| Title | The long road from promises to reality. Issues in the roll-out of LBS for the consumer market |
| 260 ## - PUBLICATION, DISTRIBUTION, ETC. | |
| Date of publication, distribution, etc. | 2002 |
| 490 ## - SERIES STATEMENT | |
| Series statement | Geo Informatics |
| Volume/sequential designation | April-May 2002,16-19(4) |
| 520 ## - SUMMARY, ETC. | |
| Summary, etc. | Focuses on consumer location based services (LBS) and explores issues such as willingness to pay location accuracy, LBS content and the role of global positioning systems. LBS information services are available through mobile appliances and resolve around know position in space of user. Key issue is satisifying user needs above threshold of willingness to pay which is linked to quality of service. |
| 590 ## - LOCAL NOTE (RLIN) | |
| Local note | ABS |
| 650 ## - SUBJECT ADDED ENTRY--TOPICAL TERM | |
| Topical term or geographic name entry element | LOCATION BASED SERVICES |
| 650 ## - SUBJECT ADDED ENTRY--TOPICAL TERM | |
| Topical term or geographic name entry element | GPS |
| 650 ## - SUBJECT ADDED ENTRY--TOPICAL TERM | |
| Topical term or geographic name entry element | GLOBAL POSITIONING SYSTEMS |
| 690 ## - LOCAL SUBJECT ADDED ENTRY--TOPICAL TERM (OCLC, RLIN) | |
| Topical term or geographic name as entry element | GEOMATICS-GPS |
| 942 ## - ADDED ENTRY ELEMENTS (KOHA) | |
| Suppress in OPAC | 0 |
| Withdrawn status | Lost status | Source of classification or shelving scheme | Damaged status | Not for loan | Home library | Current library | Shelving location | Date acquired | Total Checkouts | Full call number | Barcode | Date last seen | Copy number | Price effective from | Koha item type |
|---|---|---|---|---|---|---|---|---|---|---|---|---|---|---|---|
| Dewey Decimal Classification | London | London | Journal article | 08/05/2002 | ABS65390 | 117867-1001 | 06/08/2019 | 1 | 06/08/2019 | Journal article |